| 000 -Etiqueta do registo | |
|---|---|
| campo de controlo de comprimento fixo | 008430000a22002650004500 |
| 001 - Identificador do registo | |
| Campo de controlo | 48735 |
| 010 ## - ISBN | |
| Número (ISBN) | 972-41-2946-2 |
| 021 ## - Nº depósito legal | |
| Código do país | Portugal |
| Número | 178541/02 |
| 100 ## - Dados Gerais de Proc. | |
| Dados gerais de processamento | 20111229d2011 e y0pory5003 ba |
| 101 0# - Língua da publicação | |
| Língua do texto, banda sonora, etc. | Português |
| 102 ## - País de Publicação | |
| País de publicação | Portugal |
| 200 1# - Título | |
| Título próprio | A história do Senhor Sommer |
| Primeira menção de responsabilidade | Patrick Süskind |
| Outras menções de responsabilidade | trad. Maria Castro Dias |
| -- | ilust. Jean-Jacques Sempé |
| 205 ## - Menção da edição | |
| Menção da edição | 12ª.ed. |
| 210 ## - Publicação, Distribuição | |
| Lugar da edição, distribuição, etc. | Porto |
| Nome do editor, distribuidor, etc. | Asa |
| Data da publicação, distribuição, etc. | 2002 |
| 215 ## - Descrição física | |
| Descrição física | 90, [2] p. |
| Dimensões | 18 cm |
| 225 2# - Colecção | |
| Título próprio da colecção | Asa de bolso |
| Indicação de volume | 27 |
| 304 ## - Título e responsabilidade | |
| Texto da nota | Título original: Die Geschichte von Hern Sommer |
| 606 ## - Nome comum | |
| Elemento de entrada | Literatura estrangeira |
| Subdivisão de assunto | Conto |
| 675 ## - CDU | |
| Notação | 821.112.2-93"19" |
| Edição | BN |
| Língua da edição | Português |
| 700 #1 - Responsabilidade principal | |
| Palavra de ordem | Süskind |
| Outra parte do nome | Patrick |
| Datas | 1949- |
| 702 #1 - Responsabilidade secundária | |
| Koha Internal Code | 17199 |
| Código de função | Tradutor |
| Palavra de ordem | Dias |
| Outra parte do nome | Maria Castro |
| 801 ## - Fonte de origem | |
| País | Portugal |
| Agência | BN |
| Data da última transacção | 20111229 |
| 090 ## - Números de controlo do sistema (Koha) | |
| Número biblioitem do Koha (gerado automaticamente) | 48735 |
| 942 ## - Elementos de entrada adicionados (Koha) | |
| Tipo de item no Koha | Monografias |
| Suprimido | Disponível no OPAC |
| 999 ## - Campo local | |
| Campo local | 48735 |
| Removido (estado) | Perdido (estado) | Data de aquisição | Origem do registo (biblioteca) (codificado) | Código da organização que empresta ou é detentora (biblioteca) | Localização da prateleira | Código de barras | Número de inventário | Cota | Tipo de circulação (não pode ser emprestado) | Tipo de item e material |
|---|---|---|---|---|---|---|---|---|---|---|
| Disponível | Disponível | 2011-12-29 | Biblioteca EB23 D. Paio Peres Correia | Biblioteca EB23 D. Paio Peres Correia | Plano Nacional de Leitura – 3.º Ciclo | BEBDPPC1967 | 1967 | 82-93 SÜS | Normal | Monografias |